| 000 | 01117nam0a22002891 4500 | ||
|---|---|---|---|
| 001 | v19\rc\1917979 | ||
| 005 | 20251118180819.5 | ||
| 035 | _a(NLR Aleph) 005024512 | ||
| 090 |
_a6624761 _c6624761 |
||
| 100 | _a20080404d1912 |||y0rusy50 ca | ||
| 101 | 0 | _arus | |
| 102 | _aRU | ||
| 105 | _ay z ||||| | ||
| 200 | 1 |
_aЕсли был бы я Убейко Юлий _eСб. куплетов _fАвт.-куплетист Александр Брянский _gСобр. и изд. А. Шурин |
|
| 210 |
_aОдесса _cтип. "Издатель" _d[1912] |
||
| 215 |
_a16 с. _d19 |
||
| 300 | _aАвт. установлен по изд.: Указ. загл. произведений худож. лит., 1801-1975. М., 1986. Т. 2. С. 110 | ||
| 700 | 1 |
_6z01790 _aБрун _bА. А. _gАлександр Александрович |
|
| 702 | 1 |
_aШурин _bАл. Я. _4650 |
|
| 790 | 1 |
_6z01700 _aБрянский _bА. _gАлександр |
|
| 801 | 0 |
_aRU _bNLR _gpsbo |
|
| 801 | 0 |
_aRU _bRuMoRGB _2psbo |
|
| 801 | 1 |
_aRU _bProSoft-M _2rusmarc |
|
| 852 |
_aNLR _j18.286.8.293 |
||
| 899 | _aБАН | ||
| 942 | _cBOOK | ||
| 980 | _aNB | ||